000 00689nam a2200205 i 4500
001 28820
003 ES-MaACL
005 20230909063100.0
007 t|
008 030120s1879 sp ||||1| cat d
080 _a821.134.1-23"18"
100 1 _aBalaguer, Víctor,
_d1824-1901
_924806
245 1 3 _aLo guant del degollat
_b: monolech en vers /
_cVictor Balaguer.
260 _aBarcelona :
_bBiblioteca de "Lo Teatro Regional",
_c1879.
300 _a15 p. ;
_c21 cm.
530 _aDisponible en formato digital.
852 _aES-MaACL
_jT-383-F-10
856 _uhttp://bdh-rd.bne.es/viewer.vm?id=0000110020&page=1
_zBiblioteca Digital Hispánica
999 _c28820
_d28820